000 00672nam a22001817a 4500
005 20251108164330.0
008 250721s1981 xx 000 0 ara d
082 1 4 _a390.095656/جمع
245 1 0 _aوثيقة السلط الشعبية للسعي نحو عادات أفضل /
264 1 _aالسلط :
_bجمعية السلط الخيرية،
_c1981.
300 _a51ص
500 _aنوقشت الوثيقة خلال عقد المؤتمر الشعبي ، السلط ، 2 أيلول 1981
650 1 7 _aالعادات و التقاليد
650 1 7 _aالأردن
710 2 _aجمعية السلط الخيرية
_eإعداد
942 _2ddc
_cBK
999 _c9565
_d9565